Geohydrologic significance of lithofacies of the Cockfield Formation of Louisiana and Mississippi and of the Yegua Formation of Texas /

Bibliographic Details
Main Author: Payne, J. N., 1910-1995
Format: Government Document Book
Language:English
Published: Washington : U.S. Govt. Print. Off, 1970.
Series:Geohydrology of the Claiborne Group.
Geological Survey professional paper ; 569-B.
Subjects:

MARC

Tag First Indicator Second Indicator Subfields
LEADER 00000cam a2200000 4500
001 in00002782959
005 20151202171808.0
008 701216s1970 dcuab b 000 0 eng
010 |a  73609548  
019 |a 5735392 
035 |a (OCoLC)ocm00105649 
035 |a (OCoLC)105649  |z (OCoLC)5735392 
040 |a DLC  |b eng  |c DLC  |d IAS  |d OCLCQ  |d BTCTA  |d OCLCG  |d UtOrBLW 
043 |a n-usu-- 
049 |a TXAM 
050 0 0 |a QE75  |b .P9 no. 569-B 
082 0 0 |a 550/.8 s 
086 0 |a I 19.16:569-B/ 
100 1 |a Payne, J. N.,  |d 1910-1995. 
245 1 0 |a Geohydrologic significance of lithofacies of the Cockfield Formation of Louisiana and Mississippi and of the Yegua Formation of Texas /  |c by J.N. Payne. 
264 1 |a Washington :  |b U.S. Govt. Print. Off,  |c 1970. 
300 |a iii, 14 pages :  |b illustrations, maps (part color) ;  |c 29 cm. 
336 |a text  |b txt  |2 rdacontent 
337 |a unmediated  |b n  |2 rdamedia 
338 |a volume  |b nc  |2 rdacarrier 
490 1 |a Geohydrology of the Claiborne Group 
490 1 |a Geological Survey professional paper 569-B 
500 |a Part of illustrative matter in portfolio. 
504 |a Bibliography: pages 11-14. 
650 0 |a Groundwater  |z Gulf States. 
650 0 |a Geology  |z Gulf States. 
651 0 |a Yegua Formation. 
830 0 |a Geohydrology of the Claiborne Group. 
830 0 |a Geological Survey professional paper ;  |v 569-B. 
948 |a cataloged  |b h  |c 2012/12/11  |d c  |e mvaldespin  |f 10:55:21 am 
994 |a C0  |b TXA 
999 |a MARS 
999 f f |s 6266323a-45e5-39d4-a18e-e11342a339ce  |i bb426e4d-b152-3c01-b04f-26278aaabd90  |t 0 
952 f f |p normal  |a Texas A&M University  |b College Station  |c Sterling C. Evans Library  |d Evans: US Documents (Annex 5th floor)  |t 0  |e I 19.16:569-B/  |h Superintendent of Documents classification  |i unmediated -- volume  |m A14839368474 
998 f f |a I 19.16:569-B/  |t 0  |l Evans: US Documents (Annex 5th floor)